000 00834 a2200217 4500
003 Nust
005 20230515111930.0
010 _a 82061969
020 _a0672220423 (pbk.) :
040 _cNust
082 0 0 _a001.64404,KNI
100 1 _aKnight, Timothy Orr.
_9112294
245 1 4 _aThe world connection /
_cTimothy Orr Knight.
250 _a1st ed.
260 _aIndianapolis, Ind. :
_bH.W. Sams,
_cc1983.
300 _a142 p. :
_bill. ;
_c22 cm.
505 _aComputer Communications (Page-11), The World Connection Exposed (Page-19), The Big Guys (Page-33), The Little Guys (Page-56), Naughty, Naughty An Expose (Page-65), A Multitude of Modems (Page-75), Be a SYSOP (Page-98), The Soft Side (Page-108), The World Connected (Page-117).
650 0 _aComputer networks.
_93677
650 0 _aModems.
_955781
942 _2ddc
_cBK
999 _c176372
_d176372